Dunningova teória priamych zahraničných investícií

Teoretický základ priamych zahraničných investícií. Eklektická teória priamych zahraničných investícií.

Enregistré dans:
Détails bibliographiques
Auteur principal: Šustr, Martin, 1980-
Format: Chapitre de livre
Langue:slovaque
Sujets:
Tags: Ajouter un tag
Pas de tags, Soyez le premier à ajouter un tag!

MARC

LEADER 00000nla$a2200000$$$4500
001 0053569
005 20240502071624.3
041 0 |a slo 
044 |a SK 
245 1 0 |a Dunningova teória priamych zahraničných investícií  |c Martin Šustr 
520 |a Teoretický základ priamych zahraničných investícií. Eklektická teória priamych zahraničných investícií. 
610 2 0 |a teórie ekonomické 
610 2 0 |a investície priame zahraničné 
610 2 0 |a rast hospodársky 
610 2 0 |a kapitál zahraničný 
610 2 0 |a spolupráca hospodárska medzinárodná 
610 2 0 |a vývoz kapitálu 
100 1 |a Šustr, Martin, 1980-